000 00325nam a22001337a 4500
008 170221b xxu||||| |||| 00| 0 eng d
020 _a9780683305722
041 _aeng
080 _27TH
_a615
100 _a5
101 _aSHF
245 _aPHARMACEUTICAL DOSAGE FORMS AND DRUG DELIVERY SYSTEMS
_cANSEL, H.C
942 _2udc
_cBK
999 _c5959
_d5959